The man who was Thursday (Record no. 174485)

000 -LEADER
fixed length control field 01140cam a22003377a 4500
001 - CONTROL NUMBER
control field 2012351
003 - CONTROL NUMBER IDENTIFIER
control field Nust
005 - DATE AND TIME OF LATEST TRANSACTION
control field 20180724061336.0
007 - PHYSICAL DESCRIPTION FIXED FIELD--GENERAL INFORMATION
fixed length control field hduafa---baca
007 - PHYSICAL DESCRIPTION FIXED FIELD--GENERAL INFORMATION
fixed length control field hdubfa---baaa
008 - FIXED-LENGTH DATA ELEMENTS--GENERAL INFORMATION
fixed length control field 910215r19741908dcu a 000 0 eng
010 ## - LIBRARY OF CONGRESS CONTROL NUMBER
LC control number 90955019
020 ## - INTERNATIONAL STANDARD BOOK NUMBER
International Standard Book Number 9780141031255
Terms of availability Rs. 580
038 ## - RECORD CONTENT LICENSOR
Staff Name Arshad
040 ## - CATALOGING SOURCE
Original cataloging agency DLC
Transcribing agency DLC
050 00 - LIBRARY OF CONGRESS CALL NUMBER
Classification number Microfilm 52019 (P)
-- PR4453.C4
082 ## - DEWEY DECIMAL CLASSIFICATION NUMBER
Classification number 823.912
Author Mark CHE
100 1# - MAIN ENTRY--PERSONAL NAME
Personal name Chesterton, G. K.
Fuller form of name (Gilbert Keith),
Dates associated with a name 1874-1936.
9 (RLIN) 11957
245 14 - TITLE STATEMENT
Title The man who was Thursday
Remainder of title a nightmare /
Statement of responsibility, etc. by G. K. Chesterton.
260 ## - PUBLICATION, DISTRIBUTION, ETC.
Place of publication, distribution, etc. New York :
Name of publisher, distributor, etc. Dodd, Mead,
Date of publication, distribution, etc. 1908.
300 ## - PHYSICAL DESCRIPTION
Extent I, 209 p.
Dimensions 20 cm.
500 ## - GENERAL NOTE
General note Call number of original: PZ3.C4265Mn.
500 ## - GENERAL NOTE
General note Master microform held by: DLC.
533 ## - REPRODUCTION NOTE
Type of reproduction Microfilm.
Place of reproduction Washington, D.C. :
Agency responsible for reproduction Library of Congress Photoduplication Service,
Date of reproduction 1974.
Physical description of reproduction 1 microfilm reel ; 35 mm.
650 #0 - SUBJECT ADDED ENTRY--TOPICAL TERM
Topical term or geographic name entry element Anarchists
Form subdivision Fiction.
9 (RLIN) 11958
655 #7 - INDEX TERM--GENRE/FORM
Genre/form data or focus term Detective and mystery stories.
Source of term gsafd
9 (RLIN) 2977
655 #7 - INDEX TERM--GENRE/FORM
Genre/form data or focus term Fantasy fiction.
Source of term gsafd
9 (RLIN) 1087
906 ## - LOCAL DATA ELEMENT F, LDF (RLIN)
a 0
b ibc
c orignew
d u
e ncip
f 19
g y-genmicro
942 ## - ADDED ENTRY ELEMENTS (KOHA)
Source of classification or shelving scheme
Koha item type Book
Holdings
Withdrawn status Lost status Source of classification or shelving scheme Damaged status Not for loan Collection code Permanent Location Current Location Shelving location Date acquired Total Checkouts Total Renewals Full call number Barcode Checked out Date last seen Date last checked out Copy number Price effective from Koha item type
            Central Library (CL) Central Library (CL) Fiction 01/27/2017 6 2 823.912 CHE CL1081 04/16/2026 03/17/2026 03/17/2026 1 01/27/2017 Book
© 2023 Central Library, National University of Sciences and Technology. All Rights Reserved.